[Event "Pan American U18"]
[Site "Bento Goncalves"]
[Date "2010.08.07"]
[Round "9"]
[White "Rojas Alarcon, Julian Antonio"]
[Black "Cutipa Loayza, Gianfranco"]
[Result "1-0"]
[WhiteElo "2291"]
[BlackElo "2091"]
[PlyCount "181"]
[EventDate "2010.08.02"]
[EventType "swiss"]
[EventRounds "9"]
[EventCountry "BRA"]
[SourceTitle "EXT 2013"]
[Source "ChessBase"]
[SourceDate "2012.11.22"]
[SourceVersion "1"]
[SourceVersionDate "2012.11.22"]
[SourceQuality "1"]

1. d4 d6 2. e4 Nf6 3. Nc3 Nbd7 4. f4 e5 5. Nf3 exd4 6. Nxd4 Be7 7. Be2 0-0 8. 0-0 Re8 9. Kh1 Bf8 10. Bf3 c6 11. Re1 Qc7 12. Be3 Nc5 13. Bf2 Ne6 14. Nde2 b6 15. Qd2 Bb7 16. Ng3 g6 17. f5 Nc5 18. h4 Ncd7 19. h5 Ne5 20. Bd4 Qe7 21. hxg6 fxg6 22. fxg6 hxg6 23. Qg5 Nfg4 24. Qxe7 Bxe7 25. Re2 Ba6 26. Rd2 Bg5 27. Rdd1 Rad8 28. Be2 Bxe2 29. Ngxe2 c5 30. Bg1 Kg7 31. g3 Nc4 32. Nf4 Bxf4 33. gxf4 Rh8+ 34. Kg2 Nce3+ 35. Kf3 Rh3+ 36. Ke2 Nxd1 37. Rxd1 g5 38. fxg5 Ne5 39. Nd5 Ng6 40. Be3 Rh2+ 41. Kd3 b5 42. Kc3 a5 43. b3 Rh3 44. Kb2 Re8 45. Nf6 Re6 46. Bf2 Kf7 47. Rg1 Re5 48. Be1 b4 49. Bd2 Rh2 50. Rd1 Re6 51. a3 Ne5 52. axb4 axb4 53. Bf4 Rf2 54. Bxe5 dxe5 55. Rd5 c4 56. bxc4 Rg2 57. Kb3 Rb6 58. Nd7 Rg3+ 59. Kb2 Ra6 60. Nxe5+ Ke6 61. Nd3 Rc6 62. Kb3 Re3 63. Kxb4 Ke7 64. Re5+ Kd7 65. c5 Re6 66. Rd5+ Kc6 67. Ne5+ Kc7 68. Kb5 Rxe4 69. Nc4 Re1 70. Nb6 Rb1+ 71. Kc4 Kc6 72. Rf5 Rg1 73. Nd5 Rg4+ 74. Kb3 Rge4 75. Nb4+ Kb5 76. Nd3 Re3 77. Kc3 Rg3 78. Kd4 Kc6 79. Ne5+ Kc7 80. Rf7+ Kc8 81. Kd5 Rxe5+ 82. Kxe5 Rxg5+ 83. Kd6 Rg6+ 84. Kd5 Rg2 85. Kc6 Rg6+ 86. Kb5 Rg2 87. c4 Rg5 88. Kb6 Rg1 89. Rf8+ Kd7 90. c6+ Ke7 91. c7 1-0

[Event "Pan American U18"]
[Site "Bento Goncalves"]
[Date "2010.08.06"]
[Round "7"]
[White "Fuenzalida Soto, Eridan"]
[Black "Cutipa Loayza, Gianfranco"]
[Result "1/2-1/2"]
[WhiteElo "2071"]
[BlackElo "2091"]
[PlyCount "68"]
[EventDate "2010.08.02"]
[EventType "swiss"]
[EventRounds "9"]
[EventCountry "BRA"]
[SourceTitle "EXT 2013"]
[Source "ChessBase"]
[SourceDate "2012.11.22"]
[SourceVersion "1"]
[SourceVersionDate "2012.11.22"]
[SourceQuality "1"]

1. d4 d6 2. c4 Nf6 3. Nc3 Nbd7 4. Nf3 e5 5. e4 c6 6. Be2 Be7 7. h3 Qc7 8. Be3 b6 9. d5 c5 10. Nd2 Nf8 11. a3 Bd7 12. b4 a6 13. Bg4 Ng6 14. Bxd7+ Nxd7 15. g3 Rb8 16. Qa4 Qc8 17. Qc6 0-0 18. 0-0 Nf6 19. Kg2 b5 20. Rfb1 Qxc6 21. dxc6 Rfc8 22. bxc5 Rxc6 23. cxb5 axb5 24. Rxb5 Rxb5 25. Nxb5 dxc5 26. a4 Bd8 27. f3 Nd7 28. Nc4 Ngf8 29. Rd1 f6 30. a5 Be7 31. Nc3 Kf7 32. Rb1 Ra6 33. Rb7 Ke8 34. Nd5 Bd8 1/2-1/2